বাংলাদেশের গাছপালা / (Record no. 52827)
[ view plain ]
| 000 -LEADER | |
|---|---|
| fixed length control field | 00934nam a2200253 a 4500 |
| 001 - CONTROL NUMBER | |
| control field | 52827 |
| 003 - CONTROL NUMBER IDENTIFIER | |
| rucl marc code | BD-RjUL |
| 005 - DATE AND TIME OF LATEST TRANSACTION | |
| control field | 20211209075851.0 |
| 008 - FIXED-LENGTH DATA ELEMENTS--GENERAL INFORMATION | |
| fixed length control field | 160927s2006 bg a|||| |||| 00| 0 ben d |
| 020 ## - INTERNATIONAL STANDARD BOOK NUMBER | |
| International Standard Book Number | 9840745238 |
| Terms of availability | : Tk. 115.00 |
| 035 ## - SYSTEM CONTROL NUMBER | |
| System control number | (BD-RjUL)52947 |
| 040 ## - CATALOGING SOURCE | |
| Original cataloging agency | BD-RjUL |
| Language of cataloging | ben |
| Transcribing agency | BD-RjUL |
| 041 ## - LANGUAGE CODE | |
| Language code of text/sound track or separate title | ben |
| 082 ## - DEWEY DECIMAL CLASSIFICATION NUMBER | |
| Edition number | 23 |
| Classification number | 580.95492 |
| Author mark and year | KHB 2006 |
| 100 ## - MAIN ENTRY--PERSONAL NAME | |
| Personal name | খানম, নূরুন্নাহার |
| 9 (RLIN) | 157975 |
| 245 10 - TITLE STATEMENT | |
| Title | বাংলাদেশের গাছপালা / |
| Statement of responsibility, etc. | নূরুন্নাহার খানম |
| 260 ## - PUBLICATION, DISTRIBUTION, ETC. (IMPRINT) | |
| Place of publication, distribution, etc. | ঢাকা : |
| Name of publisher, distributor, etc. | বাংলা একাডেমী, |
| Date of publication, distribution, etc. | ২০০৬ |
| 300 ## - PHYSICAL DESCRIPTION | |
| Pagination | ১৬০ পৃ. : |
| Illustrations | চিত্র ; |
| Size | ২৩ সেমি. |
| 490 ## - SERIES STATEMENT | |
| Series statement | বাএ ; |
| Volume/sequential designation | ৪৫২৫ |
| 504 ## - BIBLIOGRAPHY, ETC. NOTE | |
| Bibliography, etc | তথ্যপঞ্জি সংযুক্ত |
| 650 ## - SUBJECT ADDED ENTRY--TOPICAL TERM | |
| Topical term or geographic name as entry element | গাছ |
| General subdivision | বাংলাদেশ |
| 9 (RLIN) | 157976 |
| Topical term or geographic name as entry element | Plant |
| General subdivision | Bangladesh |
| 9 (RLIN) | 157977 |
| 942 ## - ADDED ENTRY ELEMENTS (KOHA) | |
| Source of classification or shelving scheme | Dewey Decimal Classification |
| Koha item type | Books |
| Lost status | Source of classification or shelving scheme | Damaged status | Not for loan | Collection code | Permanent Location | Current Location | Shelving location | Date acquired | Source of acquisition | Cost, normal purchase price | Total Checkouts | Full call number | Date last seen | Copy number | Koha item type |
|---|---|---|---|---|---|---|---|---|---|---|---|---|---|---|---|
| Dewey Decimal Classification | Non-fiction | Central Library, University of Rajshahi | Central Library, University of Rajshahi | 09/06/2011 | Bangla Academy, Dhaka | 115.00 | B 580.95492 KHB 2006 | 27/09/2016 | C-2 | Books | |||||
| Dewey Decimal Classification | Not For Loan | Non-fiction | Central Library, University of Rajshahi | Central Library, University of Rajshahi | Reading Room | 09/06/2011 | Dhaka, Bangla Academy | 115.00 | B 580.95492 KHB 2006 | 22/04/2017 | C-1 | Books |